| 000 | 00788nam a2200277Ia 4500 | ||
|---|---|---|---|
| 001 | Para_459 | ||
| 003 | CHAP | ||
| 008 | 220125s2000 xx 000 0 und d | ||
| 010 | _a199214 | ||
| 040 | _cCHAP | ||
| 082 | _aPA 630.972 R6 | ||
| 100 |
_aRodríguez Vallejo, José _998944 |
||
| 245 |
_aHistoria de la fitosanidad en México siglo XX / _c por José Rodríguez Vallejo |
||
| 260 |
_aChapingo, Méx. : _b UACh |
||
| 300 | _a180 p. | ||
| 650 |
_aAgricultura _x historia _xMéxico _91521 |
||
| 650 |
_aSanidad vegetal _9102224 |
||
| 710 | 2 |
_aUniversidad Autónoma Chapingo _9143749 |
|
| 901 | _aPA 630.972 R6 | ||
| 902 | _aA | ||
| 905 | _a0000002000 0000000000 00 | ||
| 910 | _a2000 | ||
| 942 | _cPARA | ||
| 942 |
_cPARA _d1 |
||
| 999 |
_c199214 _d199214 |
||